000 02311cam a2200169 4500500
005 20251228061847.0
041 _afre
042 _adc
100 1 0 _aTribou, Gary
_eauthor
245 0 0 _aL’image de la marque Adidas auprès des adolescents. Un entretien avec Isabelle Madec, directrice du marketing produits de la société ADIDAS France
260 _c1999.
500 _a47
520 _aA travers le cas des jeux vidéo, la pertinence d’une segmentation des produits de l’enfant en utilisant la variable “ âge ”, regroupée en classes correspondant aux différents stades de développement intellectuel de l’enfant, sera démontrée. La relation entre l’âge de l’enfant et la catégorie de jeu vidéo avec laquelle il joue sera étudiée, ainsi que le partage du marché des jeux vidéo entre les consoles, Nintendo et Sony, et les CD-Roms qui en résultent. Un questionnaire large a permis d’identifier quatre segments de jeux vidéo, pertinents, observables et opérationnels, que les enfants pratiquent au fur et à mesure qu’ils grandissent. Une liste d’attributs déterminants permet enfin d’affiner le profil des jeunes consommateurs pour chaque segment et de décrire les attentes spécifiques en fonction de leur stade de développement intellectuel.
520 _aThroughout the case of video games, the relevance of child product segmentation using the “age” variable, grouped in classes matching the different intellectual development levels of children, will be demonstrated. The relationship between child’s age and the category of video games he plays with will be studied as well as the partition of the market between the consoles, Nintendo and Sony, and CD-Rom games, which results of it. A quantitative questionnaire has allowed us to identify four pertinent, observable and operational segments of video games, which children use while they are growing up. A list of determinant attributes has authorised further description of the profiles of the young consumers of each segment and detecting their needs according to their intellectual development level.
786 0 _nDécisions Marketing | 18 | 3 | 1999-10-01 | p. 37-39 | 0779-7389
856 4 1 _uhttps://shs.cairn.info/revue-decisions-marketing-1999-3-page-37?lang=fr&redirect-ssocas=7080
999 _c1587787
_d1587787